US Regions Quiz - Statistics

General Stats
  • This quiz has been taken 10 times
  • The average score is 21 of 25
Answer Stats
Region
State
% Correct
7) Silicon Valley, Napa Valley California
100%
3) The Keys, Panhandle Florida
100%
15) Blackfoot Country, Glacier Valley Montana
100%
2) Research Triangle, Outer Banks North Carolina
100%
5) Black Hills, Badlands South Dakota
100%
9) Puget Sound, Cascade Range Washington
100%
1) Aleutians, North Slope Alaska
90%
22) Front Range, Rocky Region Colorado
90%
17) Cape Cod, The Berkshires Massachusetts
90%
19) Hudson Valley, Finger Lakes New York
90%
18) Poconos, Amish country Pennsylvania
90%
4) Hill Country, Big Bend Texas
90%
13) Green Mountains Vermont
90%
20) Valley of the Sun, Tombstone Arizona
80%
6) Bluegrass Country Kentucky
80%
14) Mississippi Delta, Cajun country Louisiana
80%
11) Upper Peninsula Michigan
80%
25) White Mountains, CT River Valley New Hampshire
80%
8) Teton Valley, Greater Yellowstone Wyoming
80%
16) Willamette Valley, Columbia Gorge Oregon
70%
21) Wasatch Front, Moab valley Utah
70%
23) Allegheny Plateau, Coal country West Virginia
70%
12) Door Peninsula Wisconsin
70%
10) Tidewater, Appalachia Virginia
60%
24) Loess Hills Iowa
40%
No matching quizzes found
Score Distribution
Percent of People with Each Score
Percentile by Number Answered
Your Score History
You have not taken this quiz